Purpose number for travel for civilian employees.

Bibliographic Details
Corporate Author: United States. Army. Quartermaster Corps
Format: Government Document eBook
Language:English
Published: Washington : [publisher not identified], 1923.
Series:Quartermaster Corps Circ. Letter No. 1923/39
Subjects:
Online Access:Connect to the full text of this electronic document

MARC

Tag First Indicator Second Indicator Subfields
LEADER 00000cam a22000001a 4500
001 in00003693821
005 20190408182445.0
006 m o d f
007 cr bn mmmapmmp
008 040322s1923 dcu o f000 0 eng d
035 |a ebd1910310851 
040 |a UMI  |c UMI  |d UtOrBLW 
086 0 |a W 77.22:923/39 
099 |a W77.22-3.39 
245 0 0 |a Purpose number for travel for civilian employees. 
264 1 |a Washington :  |b [publisher not identified],  |c 1923. 
300 |a 1 online resource (1 pages) 
336 |a text  |b txt  |2 rdacontent 
337 |a computer  |b c  |2 rdamedia 
338 |a online resource  |b cr  |2 rdacarrier 
490 0 |a Quartermaster Corps Circ. Letter No. 1923/39 
500 |a [of Quartermaster Corps]. 
500 |a Record is based on bibliographic data in ProQuest U.S. Executive Branch Documents, 1910-1932. Reuse except for individual research requires license from ProQuest, LLC. 
533 |a Electronic reproduction.  |b [Bethesda, Md.] :  |c ProQuest,  |d 2012.  |e digital, PDF file.  |n ProQuest U.S. Executive Branch Documents, 1910-1932.  |n Mode of access: World Wide Web via ProQuest website. 
538 |a System requirements: PDF reader software. 
500 |a Electronic resource. 
650 0 |a Military pensions.  |0 http://id.loc.gov/authorities/subjects/sh85099600 
650 0 |a Travel costs.  |0 http://id.loc.gov/authorities/subjects/sh85137159 
655 7 |a Electronic books.  |2 local 
710 1 |a United States.  |b Army.  |b Quartermaster Corps.  |0 http://id.loc.gov/authorities/names/n82040271 
776 1 8 |i Microfiche version:  |t Purpose number for travel for civilian employees  |o CIS US Exec MF W77.22-3.39  |w (ProQuest)cis191307363 
856 4 0 |u http://proxy.library.tamu.edu/login?url=http://congressional.proquest.com/congressional/docview/t66.d71.w77.22-3.39  |z Connect to the full text of this electronic document  |t 0 
999 f f |s e23cc2ba-402f-3706-935e-9099a56f967d  |i 39c1ee34-1d41-3d04-b69b-66713d72b301  |t 0 
952 f f |a Texas A&M University  |b College Station  |c Electronic Resources  |d Available Online  |t 0  |h No information provided 
998 f f |t 0  |l Available Online